<?xml version="1.0" encoding="UTF-8"?>
<record
    xmlns:xsi="http://www.w3.org/2001/XMLSchema-instance"
    xsi:schemaLocation="http://www.loc.gov/MARC21/slim http://www.loc.gov/standards/marcxml/schema/MARC21slim.xsd"
    xmlns="http://www.loc.gov/MARC21/slim">

  <leader>01470nam a22002537a 4500</leader>
  <controlfield tag="003">OSt</controlfield>
  <controlfield tag="005">20250923160502.0</controlfield>
  <controlfield tag="008">250515t2014    ag |||||r|||| 00| p spa d</controlfield>
  <datafield tag="020" ind1=" " ind2=" ">
    <subfield code="a">978-987-1912-36-0</subfield>
  </datafield>
  <datafield tag="040" ind1=" " ind2=" ">
    <subfield code="c">AR-RoUNCS</subfield>
  </datafield>
  <datafield tag="080" ind1=" " ind2=" ">
    <subfield code="0">82-1(460)</subfield>
  </datafield>
  <datafield tag="245" ind1="0" ind2="0">
    <subfield code="a">1000 millones :</subfield>
    <subfield code="b">poes&#xED;a en lengua espa&#xF1;ola del siglo XXI /</subfield>
    <subfield code="c">selecci&#xF3;n, edici&#xF3;n y pr&#xF3;logo, D.G. Helder, Daiana Henderson, Bernardo Orge.</subfield>
  </datafield>
  <datafield tag="246" ind1="3" ind2=" ">
    <subfield code="a">Mil millones :</subfield>
    <subfield code="b">poes&#xED;a en lengua espa&#xF1;ola del siglo XXI.</subfield>
  </datafield>
  <datafield tag="250" ind1=" " ind2=" ">
    <subfield code="a">1a ed.</subfield>
  </datafield>
  <datafield tag="260" ind1=" " ind2=" ">
    <subfield code="a">Rosario :</subfield>
    <subfield code="b">Editorial Municipal de Rosario,</subfield>
    <subfield code="c">2014.</subfield>
  </datafield>
  <datafield tag="300" ind1=" " ind2=" ">
    <subfield code="a">360 p. ;</subfield>
    <subfield code="c">21 cm.</subfield>
  </datafield>
  <datafield tag="505" ind1="0" ind2=" ">
    <subfield code="a">Escriben: Mara Pastor ; Jeymer Gamboa ; Charly Gradin ; Glaem Parls ; Mart&#xED;n Batall&#xE9;s ; Lizabel M&#xF3;nica ; Francisco Bitar ; Maggie Torres ; Francisco Tomsich ; Tilsa Otta ; V&#xED;ctor L&#xF3;pez Zumelzu ; Laura Jaramillo ; Emma Villaz&#xF3;n Richter ; Christian Kent ; Pablo Fidalgo Lareo ; Luis Eduardo Garc&#xED;a ; Julio Alberto Balc&#xE1;zar ; Pamela Romano ; Nadie ; Mayra Serra ; Ane Carrete ; Yaxkin Melchy ; Greta Montero Barra ; Gerardo Arana ; Jos&#xE9; Laura ; Berta Garc&#xED;a Faet ; Johanna Raabe ; Vicente Monroy ; Urpi Orihuela Cruz , Caterina Scicchiatano ; Kevin Castro ; &#xD3;scar Garc&#xED;a Sierra y Alexanda Espinosa.</subfield>
  </datafield>
  <datafield tag="650" ind1=" " ind2="4">
    <subfield code="a">LITERATURA</subfield>
    <subfield code="z">HISPANOAMERICANA</subfield>
    <subfield code="y">SIGLO XXI</subfield>
  </datafield>
  <datafield tag="655" ind1=" " ind2="4">
    <subfield code="a">POESIA</subfield>
  </datafield>
  <datafield tag="700" ind1="1" ind2=" ">
    <subfield code="a">Helder, D. G.,</subfield>
    <subfield code="e">Selector</subfield>
    <subfield code="d">1961-</subfield>
  </datafield>
  <datafield tag="700" ind1="1" ind2=" ">
    <subfield code="a">Henderson, Diana, </subfield>
    <subfield code="e">Selector</subfield>
    <subfield code="d">1988-</subfield>
  </datafield>
  <datafield tag="700" ind1="1" ind2=" ">
    <subfield code="a">Orge, Bernardo, </subfield>
    <subfield code="e">selector</subfield>
    <subfield code="d">1988-</subfield>
  </datafield>
  <datafield tag="942" ind1=" " ind2=" ">
    <subfield code="2">udc</subfield>
    <subfield code="c">LPD</subfield>
    <subfield code="n">0</subfield>
  </datafield>
  <datafield tag="999" ind1=" " ind2=" ">
    <subfield code="c">496</subfield>
    <subfield code="d">496</subfield>
  </datafield>
  <datafield tag="952" ind1=" " ind2=" ">
    <subfield code="0">0</subfield>
    <subfield code="1">0</subfield>
    <subfield code="2">udc</subfield>
    <subfield code="4">0</subfield>
    <subfield code="7">0</subfield>
    <subfield code="8">CG</subfield>
    <subfield code="a">ESOCIALES</subfield>
    <subfield code="b">ESOCIALES</subfield>
    <subfield code="d">2025-05-15</subfield>
    <subfield code="e">Donaci&#xF3;n 2025 Jornada ESI</subfield>
    <subfield code="l">0</subfield>
    <subfield code="o">82-1(460) M637</subfield>
    <subfield code="p">001445</subfield>
    <subfield code="r">2025-05-15 11:15:00</subfield>
    <subfield code="w">2025-05-15</subfield>
    <subfield code="y">LPD</subfield>
  </datafield>
</record>
